Statistics for Words Found In Spain

Click here to take the quiz!

General Stats

  • This quiz has been taken 46 times
  • The average score is 20 of 22

Answer Stats

#Answer% Correct
3Nap
100%
3Pin
100%
4Pain
98%
3Pan
98%
3Sin
98%
3Spa
98%
4Naps
95%
3Nip
95%
3Sip
95%
3Sap
93%
4Span
90%
4Spin
90%
4Nips
88%
5Pains
88%
4Pans
88%
4Pins
88%
3Asp
85%
3Pas
85%
3Pis
78%
3Ins
70%
4Snap
70%
4Snip
70%

Score Distribution

Percentile by Number Answered

Percent of People with Each Score

Your Score History

You have not taken this quiz